| 000 | 00374nam a2200145 a 4500 | ||
|---|---|---|---|
| 005 | 20140412111416.0 | ||
| 008 | 070920s19uu xx 00 eng d | ||
| 020 | _a0-590-11822-6 | ||
| 050 |
_aTR(PS E _bSp41 1996 |
||
| 100 | _aSimon, Francesca | ||
| 245 |
_aSpider school / _cFrancesca Simon. |
||
| 260 |
_aUSA : _bScholastic, _cc1996. |
||
| 300 | _aunp. | ||
| 999 |
_c105837 _d105837 |
||